[Event "Aktogay Masters 2019"]
[Site "Aktogay"]
[Date "2019.05.15"]
[Round "5.4"]
[White "Sukhov, Artur"]
[Black "Kuznetsov, Andrei S."]
[Result "0-1"]
[WhiteElo "2110"]
[BlackElo "2261"]
[Annotator "NA"]
[PlyCount "128"]
[EventDate "2019.05.11"]
[EventType "tourn"]
[EventCountry "KAZ"]
[SourceTitle "playchess.com"]
[Source "ChessBase"]
[SourceQuality "1"]
[TimeControl "5400+30"]

1. d4 {[%emt 0:00:00]} Nf6 {[%emt 0:00:00]} 2. c4 {[%emt 0:00:11]} c6 {[%emt 0:00:00]} 3. Nf3 {[%emt 0:00:07]} d5 {[%emt 0:00:00]} 4. e3 {[%emt 0:00:15]} g6 {[%emt 0:00:06]} 5. Nc3 {[%emt 0:00:07]} Bg7 {[%emt 0:00:04]} 6. Bd3 {[%emt 0:00:16]} O-O {[%emt 0:00:48]} 7. O-O {[%emt 0:00:06]} b6 {[%emt 0:04:51]} 8. Ne5 {[%emt 0:02:56]} Bb7 {[%emt 0:00:14]} 9. cxd5 {[%emt 0:00:44]} cxd5 {[%emt 0:01:46]} 10. Bd2 {[%emt 0:00:24]} Ne4 {[%emt 0:00:22]} 11. f4 {[%emt 0:05:29]} f6 {[%emt 0:04:09]} 12. Nxe4 {[%emt 0:02:13]} dxe4 {[%emt 0:02:42]} 13. Bc4+ {[%emt 0:00:03]} Bd5 {[%emt 0:00:01]} 14. Qb3 {[%emt 0:00:11]} e6 {[%emt 0:00:12]} 15. Ng4 {[%emt 0:01:37]} Nc6 {[%emt 0:00:42]} 16. Rac1 {[%emt 0:01:09]} Rc8 {[%emt 0:01:20]} 17. Rc2 {[%emt 0:03:43]} f5 {[%emt 0:05:54]} 18. Nf2 {[%emt 0:05:07]} Qd7 {[%emt 0:18:08]} 19. Rfc1 {[%emt 0:01:12]} Bxc4 {[%emt 0:01:16]} 20. Rxc4 {[%emt 0:04:48]} Ne7 {[%emt 0:00:41]} 21. Bb4 {[%emt 0:01:16]} Rxc4 {[%emt 0:00:14]} 22. Rxc4 {[%emt 0:00:07]} Rc8 {[%emt 0:00:08]} 23. Bxe7 {[%emt 0:01:16]} Rxc4 {[%emt 0:00:02]} 24. Qxc4 {[%emt 0:00:16]} Qxe7 {[%emt 0:00:04]} 25. Nd1 {[%emt 0:00:37]} Qd7 {[%emt 0:01:04]} 26. Nc3 {[%emt 0:00:32]} Kf8 {[%emt 0:07:11]} 27. Kf2 {[%emt 0:01:04]} Bf6 {[%emt 0:05:41]} 28. g3 {[%emt 0:03:38]} a5 {[%emt 0:01:59]} 29. Ke2 {[%emt 0:01:56]} Bd8 {[%emt 0:00:44]} 30. Kd2 {[%emt 0:04:57]} g5 {[%emt 0:01:14]} 31. Qb5 {[%emt 0:01:45]} Qxb5 {[%emt 0:03:39]} 32. Nxb5 {[%emt 0:00:06]} g4 {[%emt 0:01:03]} 33. Kc3 {[%emt 0:01:06]} Ke7 {[%emt 0:02:00]} 34. Kc4 {[%emt 0:01:11]} Kd7 {[%emt 0:00:11]} 35. d5 {[%emt 0:00:35]} Bf6 {[%emt 0:04:45]} 36. dxe6+ {[%emt 0:08:31]} Kxe6 {[%emt 0:00:23]} 37. Nc3 {[%emt 0:00:06]} h5 {[%emt 0:05:46]} 38. Kb5 {[%emt 0:01:15]} Bd8 {[%emt 0:02:05]} 39. Kc6 {[%emt 0:00:18]} h4 {[%emt 0:00:45]} 40. Ne2 {[%emt 0:00:10]} h3 {[%emt 0:00:31]} 41. Nd4+ {[%emt 0:02:03]} Kf6 {[%emt 0:00:24]} 42. Kd7 {[%emt 0:01:43]} Be7 {[%emt 0:00:22]} 43. Nxf5 {[%emt 0:00:29]} Bc5 {[%emt 0:00:09]} 44. Nh6 {[%emt 0:00:06]} Kg6 {[%emt 0:00:16]} 45. Nxg4 {[%emt 0:00:33]} Kf5 {[%emt 0:00:10]} 46. Nf2 {[%emt 0:11:23]} Bxe3 {[%emt 0:00:15]} 47. Nxh3 {[%emt 0:00:04]} Bd4 {[%emt 0:00:41]} 48. Kd6 {[%emt 0:03:10]} Bxb2 {[%emt 0:03:26]} 49. Kd5 {[%emt 0:00:11]} e3 {[%emt 0:01:30]} 50. Ng1 {[%emt 0:00:25]} a4 {[%emt 0:01:31]} 51. Kc4 {[%emt 0:05:58]} a3 {[%emt 0:02:14]} 52. Kd3 {[%emt 0:02:14]} b5 {[%emt 0:00:29]} 53. Nf3 {[%emt 0:00:10]} b4 {[%emt 0:01:14]} 54. Ne1 {[%emt 0:00:12]} Bc3 {[%emt 0:08:00]} 55. Nc2 {[%emt 0:00:34]} Bd2 {[%emt 0:00:23]} 56. Nd4+ {[%emt 0:01:16]} Kg4 {[%emt 0:00:23]} 57. Nb3 {[%emt 0:00:15]} Kf3 {[%emt 0:02:45]} 58. f5 {[%emt 0:09:30]} Bc3 {[%emt 0:01:24]} 59. Nc1 {[%emt 0:02:22]} Bb2 {[%emt 0:00:32]} 60. f6 {[%emt 0:01:00]} Bxf6 {[%emt 0:00:21]} 61. Kc2 {[%emt 0:00:44]} Bb2 {[%emt 0:02:15]} 62. Nd3 {[%emt 0:00:22]} e2 {[%emt 0:01:45]} 63. h4 {[%emt 0:15:26]} Ke3 {[%emt 0:08:16]} 64. h5 {[%emt 0:00:00]} b3+ {[%emt 0:00:00]} 0-1

[Event "Aktogay Masters 2019"]
[Site "Aktogay"]
[Date "2019.05.15"]
[Round "5.5"]
[White "Vlassov, Nikolai"]
[Black "Igambergenov, Alibek"]
[Result "1-0"]
[WhiteElo "2393"]
[BlackElo "2295"]
[Annotator "TA"]
[PlyCount "59"]
[EventDate "2019.05.11"]
[EventType "tourn"]
[EventCountry "KAZ"]
[SourceTitle "playchess.com"]
[Source "ChessBase"]
[SourceQuality "1"]

{[%evp 10,59,27,32,39,36,34,27,31,31,30,33,39,43,58,19,37,27,76,13,86,70,78,90,223,221,249,250,304,306,308,289,475,420,441,422,415,412,800,810,792,784,1212,1225,1221,1218,1218,1218,1170,1128,1122,1108]} 1. e4 c5 2. c3 e6 3. d4 d5 4. exd5 exd5 5. Nf3 a6 6. Bd3 c4 {B22: Sicilian: 2 c3} 7. Bc2 Bd6 8. O-O Ne7 {White has an edge.} 9. b3 (9. Bg5 f6 10. Bh4 Nbc6 11. Nbd2 Nf5 12. Re1+ Nce7 13. b3 b5 14. a4 {½-½ (53) Kamsky,G (2714)-Svidler,P (2756) Loo 2014}) 9... cxb3 10. axb3 Nbc6 11. Nh4 $146 ({Predecessor:} 11. Ba3 Bxa3 12. Rxa3 O-O 13. Re1 Ng6 14. Nbd2 {0-1 (42) Strikovic,A (2502)-Ivanisevic,I (2611) Ruma 2017}) 11... Qc7 12. f4 Bd7 13. Bd3 O-O-O 14. g3 (14. Na3 $16) 14... Bh3 {[#]} (14... Kb8 $11) 15. Rf2 $1 $16 f6 16. b4 Rde8 (16... Na7 $16) 17. b5 $18 axb5 {[#]} 18. Na3 $1 {[%cal Bb1a3,Ba3b5,Bb5d6][%mdl 32]} ({Less strong is} 18. Bxb5 Qd7 $14) 18... Qd7 19. Nxb5 Bb8 20. f5 {aiming for Ra8.} g5 $2 (20... b6 {was worth a try.} 21. Qf3 h5) 21. fxg6 hxg6 22. Ra8 g5 23. Rxf6 gxh4 (23... Ref8 $142) 24. Nd6+ {[%mdl 64] Double Attack. White is clearly winning.} Kd8 25. Qb3 Ng8 26. Qb6+ Qc7 27. Qxc7+ Kxc7 28. Nxe8+ Kd7 29. Rf8 hxg3 30. hxg3 {Accuracy: White = 84%, Black = 33%.} 1-0

[Event "Aktogay Masters 2019"]
[Site "Aktogay"]
[Date "2019.05.15"]
[Round "6.1"]
[White "Khusenkhojaev, Muhammad"]
[Black "Kaiyrbekov, Rustam"]
[Result "1-0"]
[WhiteElo "2445"]
[BlackElo "2329"]
[Annotator "TA"]
[PlyCount "133"]
[EventDate "2019.05.11"]
[EventType "tourn"]
[EventCountry "KAZ"]
[SourceTitle "playchess.com"]
[Source "ChessBase"]
[SourceQuality "1"]

{[%evp 26,133,50,50,56,0,0,0,0,0,0,-25,-12,-20,0,0,0,0,0,0,0,0,0,0,0,-3,0,0,0,0,0,0,0,0,0,0,0,0,0,0,0,0,0,0,0,0,0,0,0,0,0,0,0,0,0,0,0,0,0,0,0,0,0,0,0,0,0,0,163,159,266,266,235,212,185,200,202,179,218,211,208,213,273,265,2288,1484,5230,5093,6336,6295,7028,4134,29971,29972,29979,29980,29980,29981,29981,29982,29982,29983,29983,29984,29984,29985,29985,29986,29986,29987]} 1. Nf3 Nf6 2. c4 c5 3. Nc3 b6 4. g3 Bb7 5. Bg2 e6 6. O-O d6 7. d4 cxd4 8. Qxd4 a6 9. Rd1 Be7 10. Bg5 Nbd7 11. Qd2 O-O 12. Bf4 Ne8 13. Rac1 Rc8 14. b3 Qc7 {[#] A30: Symmetrical English: Double Fianchetto and Hedgehog} (14... h6 15. e4 Qc7 16. Qe2 Qb8 17. Be3 Nef6 18. Nd2 Rfe8 19. f4 Qa8 20. h3 Bf8 21. Bf2 Bc6 22. b4 {½-½ (32) Grischuk,A (2795)-Perunovic,M (2602) Tromsoe 2014}) 15. b4 $146 (15. e4 $14) ({Predecessor:} 15. Ne1 Bxg2 16. Nxg2 Qb7 17. a4 Rc6 18. Ne1 Nef6 {½-½ (66) Iturrizaga Bonelli,E (2653)-Van Wely,L (2654) Dubai 2014}) 15... Qb8 $11 16. Na4 Bc6 {The position is equal.} 17. Nb2 Qa8 18. a3 Nef6 19. Qe1 d5 (19... Qb8 {keeps more tension.} 20. Bh3 Rfe8 21. Nd4 Ba8 22. Nb3 h6) 20. Ne5 Nxe5 21. Bxe5 dxc4 22. Bxc6 Rxc6 23. Nxc4 Rfc8 24. Ne3 h6 25. Bb2 b5 26. Rxc6 Qxc6 27. Rc1 Qb7 28. Rxc8+ Qxc8 29. Qd2 Ne4 30. Qd3 Bf6 (30... Nd6 {with more complications.} 31. h4 Qc6 32. f3 Nc4 33. Nxc4 bxc4 34. Qc2 Bd6) 31. Bxf6 Nxf6 32. Kg2 Qc6+ 33. f3 Kf8 34. Qd4 Ke7 35. Qa7+ Nd7 36. Ng4 Qb6 37. Qa8 $1 h5 38. Nf2 g6 39. Nd3 Qd6 40. Qb7 Qb6 41. Qc8 a5 42. Nc5 Nxc5 43. bxc5 {[%mdl 4096] Endgame KQ-KQ} Qa7 44. Qc6 {Threatens to win with Qd6+.} Qb8 45. Qa6 b4 46. Qxa5 b3 $2 (46... Qe5 $1 $11 {and Black is okay.} 47. axb4 Qxe2+ 48. Kg1 Qe3+ 49. Kh1 Qxf3+ 50. Kg1 Qd1+ 51. Kg2 Qe2+ 52. Kg1 Qd1+ 53. Kf2 Qd2+ 54. Kg1 Qe1+ 55. Kg2 Qe2+ 56. Kg1 Qe1+ 57. Kg2 Qe2+) 47. c6 $18 b2 (47... Kd6 $16 {keeps fighting.}) 48. c7 Qb7 {[#]} 49. c8=Q $1 {[%mdl 512]} Qxc8 50. Qb4+ {[%mdl 64] Double Attack} Kd7 51. Qxb2 Qc4 {[#]} 52. Qb7+ $1 Ke8 53. Qe4 Qc5 54. Qa4+ Ke7 $2 (54... Kd8 55. Qa8+ Kd7) 55. Qb4 Qxb4 56. axb4 {KP-KP} Kd6 57. g4 h4 58. f4 f6 59. g5 {White mates.} fxg5 60. fxg5 Kc6 61. Kh3 Kb5 62. Kxh4 Kxb4 63. Kg4 Kc5 64. h4 Kd6 65. h5 gxh5+ 66. Kxh5 Ke7 67. Kg6 {Accuracy: White = 87%, Black = 66%.} 1-0

[Event "Aktogay Masters 2019"]
[Site "Aktogay"]
[Date "2019.05.15"]
[Round "6.2"]
[White "Suleymenov, Alisher"]
[Black "Nukin, Tolegen"]
[Result "1-0"]
[WhiteElo "2435"]
[BlackElo "2113"]
[Annotator "TA"]
[PlyCount "53"]
[EventDate "2019.05.11"]
[EventType "tourn"]
[EventCountry "KAZ"]
[SourceTitle "playchess.com"]
[Source "ChessBase"]
[SourceQuality "1"]

{[%evp 14,83,25,20,26,18,53,47,50,29,43,32,121,113,131,134,133,124,133,133,133,132,133,126,133,133,128,125,147,139,148,143,143,132,138,137,175,168,159,150,297,290,585,299,495,504,568,554,680,663,756,757,740,724,876,824,930,910,1118,1079,1246,1009,1803,1707,1897,1272,2927,3408,3464,3185,29988,29989]} 1. d4 Nf6 2. c4 e6 3. g3 Bb4+ 4. Bd2 Bxd2+ 5. Qxd2 d5 6. Bg2 O-O 7. Nf3 Nbd7 8. O-O c6 {E11: Bogo-Indian} 9. Ne5 Ne4 $146 ({Predecessor:} 9... Nxe5 10. dxe5 Nd7 11. f4 b6 12. cxd5 cxd5 13. Na3 Ba6 14. Nc2 {0-1 (56) Andreikin,D (2725)-Jobava,B (2629) chess.com INT 2019}) 10. Bxe4 dxe4 {White is slightly better.} 11. Nxd7 Qxd7 12. Nc3 c5 (12... f5 $14) 13. Rad1 $16 ({Much worse is} 13. Nxe4 $6 Qxd4 14. Qxd4 cxd4 $11) 13... Qc6 14. dxc5 Qxc5 15. b3 ({Don't play} 15. Nxe4 $6 Qxc4 16. Nc3 b5 $11) 15... e3 16. Qxe3 Qxe3 17. fxe3 e5 18. Rd5 f6 19. Rfd1 Bh3 20. Kf2 h5 21. a4 Kf7 22. a5 Rh8 23. Rb5 Rab8 24. Ne4 Kg6 25. Rd6 Kf7 26. Nc5 Bc8 {[#]} (26... Ke7 $16 27. Rd3 h4) 27. Nxb7 {Played: Rd6-a6} 1-0

[Event "Aktogay Masters 2019"]
[Site "Aktogay"]
[Date "2019.05.15"]
[Round "6.3"]
[White "Igambergenov, Alibek"]
[Black "Bekturov, Tamerlan"]
[Result "1/2-1/2"]
[WhiteElo "2295"]
[BlackElo "2241"]
[Annotator "NA"]
[PlyCount "52"]
[EventDate "2019.05.11"]
[EventType "tourn"]
[EventCountry "KAZ"]
[SourceTitle "playchess.com"]
[Source "ChessBase"]
[SourceQuality "1"]
[TimeControl "5400+30"]

1. Nf3 {[%emt 0:01:03]} c5 {[%emt 0:00:17]} 2. c4 {[%emt 0:00:07]} Nc6 {[%emt 0:00:06]} 3. Nc3 {[%emt 0:00:09]} g6 {[%emt 0:00:08]} 4. e3 {[%emt 0:00:08]} Nf6 {[%emt 0:04:11]} 5. d4 {[%emt 0:00:15]} cxd4 {[%emt 0:00:41]} 6. exd4 {[%emt 0:00:03]} d5 {[%emt 0:00:51]} 7. cxd5 {[%emt 0:00:13]} Nxd5 {[%emt 0:00:27]} 8. Qb3 {[%emt 0:00:08]} Nb6 {[%emt 0:04:46]} 9. d5 {[%emt 0:01:16]} Nb8 {[%emt 0:02:55]} 10. a4 {[%emt 0:09:54]} Bg7 {[%emt 0:01:57]} 11. a5 {[%emt 0:00:06]} N6d7 {[%emt 0:00:05]} 12. Bf4 {[%emt 0:00:16]} O-O {[%emt 0:02:24]} 13. Bc4 {[%emt 0:00:19]} b6 {[%emt 0:02:54]} 14. O-O {[%emt 0:03:47]} Ba6 {[%emt 0:08:46]} 15. Nb5 {[%emt 0:23:38]} Nc5 {[%emt 0:12:27]} 16. Qb4 {[%emt 0:02:58]} Bb7 {[%emt 0:05:07]} 17. Bc7 {[%emt 0:17:09]} Qc8 {[%emt 0:06:04]} 18. axb6 {[%emt 0:00:35]} Nba6 {[%emt 0:00:51]} 19. Qd2 {[%emt 0:01:40]} axb6 {[%emt 0:00:17]} 20. Be5 {[%emt 0:01:37]} Bxe5 {[%emt 0:08:41]} 21. Nxe5 {[%emt 0:00:08]} Nd7 {[%emt 0:00:51]} 22. Nxd7 {[%emt 0:07:15]} Qxd7 {[%emt 0:00:11]} 23. Rfe1 {[%emt 0:00:14]} Nc7 {[%emt 0:03:53]} 24. Nc3 {[%emt 0:01:43]} b5 {[%emt 0:01:56]} 25. Rxa8 {[%emt 0:01:35]} Rxa8 {[%emt 0:01:53]} 26. Bb3 {[%emt 0:00:06]} Rd8 {[%emt 0:08:09]} 1/2-1/2

[Event "Aktogay Masters 2019"]
[Site "Aktogay"]
[Date "2019.05.15"]
[Round "6.4"]
[White "Kim, Kristina"]
[Black "Sukhov, Artur"]
[Result "1/2-1/2"]
[WhiteElo "1916"]
[BlackElo "2110"]
[Annotator "NA"]
[PlyCount "112"]
[EventDate "2019.05.11"]
[EventType "tourn"]
[EventCountry "KAZ"]
[SourceTitle "playchess.com"]
[Source "ChessBase"]
[SourceQuality "1"]
[TimeControl "5400+30"]

1. d4 {[%emt 0:01:23]} Nf6 {[%emt 0:00:00]} 2. Bf4 {[%emt 0:00:03]} d5 {[%emt 0:00:00]} 3. e3 {[%emt 0:00:07]} e6 {[%emt 0:00:00]} 4. Nf3 {[%emt 0:00:13]} Bd6 {[%emt 0:00:00]} 5. Bg3 {[%emt 0:00:05]} O-O {[%emt 0:00:44]} 6. Bd3 {[%emt 0:00:07]} c5 {[%emt 0:00:13]} 7. c3 {[%emt 0:00:04]} Nc6 {[%emt 0:00:07]} 8. Nbd2 {[%emt 0:00:09]} h6 {[%emt 0:03:36]} 9. Qe2 {[%emt 0:00:32]} cxd4 {[%emt 0:01:33]} 10. exd4 {[%emt 0:00:05]} Qc7 {[%emt 0:01:57]} 11. Ne5 {[%emt 0:01:17]} Nd7 {[%emt 0:03:21]} 12. f4 {[%emt 0:00:14]} Re8 {[%emt 0:02:00]} 13. O-O {[%emt 0:00:06]} f6 {[%emt 0:02:07]} 14. Qh5 {[%emt 0:02:26]} Re7 {[%emt 0:03:24]} 15. Ng6 {[%emt 0:00:33]} Rf7 {[%emt 0:00:22]} 16. Rae1 {[%emt 0:00:12]} Nf8 {[%emt 0:00:50]} 17. Nxf8 {[%emt 0:00:17]} Rxf8 {[%emt 0:01:07]} 18. Qg6 {[%emt 0:00:09]} f5 {[%emt 0:01:03]} 19. Re2 {[%emt 0:05:04]} Bd7 {[%emt 0:04:03]} 20. Qh5 {[%emt 0:04:53]} Rae8 {[%emt 0:00:49]} 21. Nb3 {[%emt 0:03:28]} Na5 {[%emt 0:01:27]} 22. Nxa5 {[%emt 0:00:40]} Qxa5 {[%emt 0:00:08]} 23. a3 {[%emt 0:00:14]} Qc7 {[%emt 0:02:13]} 24. Qf3 {[%emt 0:05:12]} b5 {[%emt 0:01:32]} 25. Be1 {[%emt 0:03:22]} a5 {[%emt 0:00:50]} 26. Bd2 {[%emt 0:00:14]} Qb6 {[%emt 0:01:42]} 27. g4 {[%emt 0:00:53]} fxg4 {[%emt 0:08:13]} 28. Qxg4 {[%emt 0:00:18]} Rf6 {[%emt 0:00:17]} 29. Rg2 {[%emt 0:02:34]} Re7 {[%emt 0:00:18]} 30. Qh4 {[%emt 0:00:17]} Kf8 {[%emt 0:04:44]} 31. Kh1 {[%emt 0:02:25]} Ref7 {[%emt 0:05:33]} 32. Bg6 {[%emt 0:00:51]} Rxg6 {[%emt 0:04:25]} 33. Rxg6 {[%emt 0:00:11]} Be7 {[%emt 0:00:02]} 34. Qe1 {[%emt 0:03:04]} Bf6 {[%emt 0:00:39]} 35. Rfg1 {[%emt 0:02:34]} b4 {[%emt 0:03:42]} 36. axb4 {[%emt 0:00:10]} axb4 {[%emt 0:00:05]} 37. Qe2 {[%emt 0:04:09]} Bb5 {[%emt 0:00:45]} 38. Qe3 {[%emt 0:01:45]} Qa6 {[%emt 0:04:18]} 39. R6g3 {[%emt 0:12:41]} Bh4 {[%emt 0:03:13]} 40. Rh3 {[%emt 0:00:24]} g5 {[%emt 0:01:54]} 41. f5 {[%emt 0:08:15]} exf5 {[%emt 0:03:34]} 42. c4 {[%emt 0:01:16]} dxc4 {[%emt 0:01:22]} 43. Bxb4+ {[%emt 0:03:24]} Kg8 {[%emt 0:00:32]} 44. d5 {[%emt 0:01:40]} Kh7 {[%emt 0:06:03]} 45. Bc3 {[%emt 0:03:18]} Qa8 {[%emt 0:10:12]} 46. Qe5 {[%emt 0:00:28]} Qe8 {[%emt 0:00:42]} 47. Re3 {[%emt 0:11:12]} Qxe5 {[%emt 0:00:41]} 48. Rxe5 {[%emt 0:00:06]} g4 {[%emt 0:00:44]} 49. Rf1 {[%emt 0:00:38]} f4 {[%emt 0:00:45]} 50. Re4 {[%emt 0:00:36]} Bg5 {[%emt 0:00:18]} 51. h4 {[%emt 0:02:02]} gxh3 {[%emt 0:00:20]} 52. Kh2 {[%emt 0:00:40]} Bd7 {[%emt 0:01:49]} 53. Bd2 {[%emt 0:01:45]} Bf5 {[%emt 0:02:19]} 54. Rxc4 {[%emt 0:00:45]} Bd3 {[%emt 0:00:31]} 55. Rcxf4 {[%emt 0:00:09]} Bxf4+ {[%emt 0:00:07]} 56. Rxf4 {[%emt 0:00:04]} Rxf4 {[%emt 0:00:15]} 1/2-1/2

[Event "Aktogay Masters 2019"]
[Site "Aktogay"]
[Date "2019.05.15"]
[Round "6.5"]
[White "Kuznetsov, Andrei S."]
[Black "Vlassov, Nikolai"]
[Result "0-1"]
[WhiteElo "2261"]
[BlackElo "2393"]
[Annotator "NA"]
[PlyCount "84"]
[EventDate "2019.05.11"]
[EventType "tourn"]
[EventCountry "KAZ"]
[SourceTitle "playchess.com"]
[Source "ChessBase"]
[SourceQuality "1"]
[TimeControl "5400+30"]

1. e4 {[%emt 0:01:45]} c5 {[%emt 0:00:00]} 2. Nf3 {[%emt 0:00:10]} d6 {[%emt 0:00:00]} 3. c3 {[%emt 0:00:23]} Nf6 {[%emt 0:00:00]} 4. h3 {[%emt 0:01:05]} g6 5. Bd3 {[%emt 1:29:07]} Bg7 {[%emt 0:00:25]} 6. O-O {[%emt 0:00:00]} O-O 7. Bc2 {[%emt 0:01:00]} Nc6 {[%emt 0:01:17]} 8. a3 {[%emt 0:00:30]} e5 {[%emt 1:32:18]} 9. b4 {[%emt 0:00:00]} c4 10. d4 {[%emt 0:01:00]} cxd3 {[%emt 0:00:00]} 11. Bxd3 {[%emt 0:00:30]} d5 {[%emt 0:01:30]} 12. Nbd2 {[%emt 0:00:30]} Nxe4 {[%emt 0:00:30]} 13. Nxe4 {[%emt 0:00:00]} dxe4 {[%emt 0:00:00]} 14. Bxe4 {[%emt 0:01:00]} Be6 {[%emt 0:01:00]} 15. Qe2 {[%emt 0:00:00]} Qc7 16. Re1 {[%emt 0:00:00]} Ne7 17. Qb5 {[%emt 0:00:00]} Rab8 18. Bg5 {[%emt 0:00:00]} Bc4 19. Qc5 {[%emt 0:02:30]} Qxc5 {[%emt 0:00:00]} 20. bxc5 {[%emt 0:00:00]} f6 21. Nxe5 {[%emt 0:01:00]} fxg5 {[%emt 0:00:00]} 22. Nxc4 {[%emt 0:00:00]} Bxc3 {[%emt 0:00:00]} 23. Nd6 {[%emt 0:00:00]} Bxa1 24. Rxa1 {[%emt 0:01:30]} Nf5 {[%emt 0:05:00]} 25. Nxb7 {[%emt 0:00:30]} Rbc8 {[%emt 0:00:30]} 26. c6 {[%emt 0:00:30]} Nd4 {[%emt 0:00:30]} 27. Rd1 {[%emt 0:00:00]} Ne2+ {[%emt 0:00:30]} 28. Kh2 {[%emt 0:00:00]} Nc3 {[%emt 0:00:00]} 29. Rd4 {[%emt 0:00:00]} Nxe4 {[%emt 0:00:00]} 30. Rxe4 {[%emt 0:00:00]} Rxc6 {[%emt 0:00:00]} 31. f3 {[%emt 0:00:00]} Kf7 {[%emt 0:00:00]} 32. Ra4 {[%emt 0:00:00]} a6 {[%emt 0:00:00]} 33. Na5 {[%emt 0:00:00]} Re6 {[%emt 0:00:00]} 34. Nb3 {[%emt 0:00:00]} Rc8 {[%emt 0:00:00]} 35. Nd2 {[%emt 0:00:00]} h6 {[%emt 0:00:00]} 36. Ne4 {[%emt 0:00:00]} Rb6 {[%emt 0:00:00]} 37. Rd4 {[%emt 0:00:00]} Rc2 {[%emt 0:00:00]} 38. Nd6+ {[%emt 0:00:00]} Kf6 {[%emt 0:00:00]} 39. Nc4 {[%emt 0:00:00]} Re6 {[%emt 0:00:00]} 40. f4 {[%emt 0:00:00]} h5 {[%emt 0:00:00]} 41. h4 {[%emt 0:00:00]} gxf4 {[%emt 0:00:00]} 42. Rxf4+ {[%emt 0:00:00]} Ke7 {[%emt 0:00:00]} 0-1

[Event "Aktogay Masters 2019"]
[Site "Aktogay"]
[Date "2019.05.15"]
[Round "7.1"]
[White "Sukhov, Artur"]
[Black "Khusenkhojaev, Muhammad"]
[Result "0-1"]
[WhiteElo "2110"]
[BlackElo "2445"]
[Annotator "ChessBase"]
[PlyCount "58"]
[EventDate "2019.05.11"]
[EventType "tourn"]
[EventCountry "KAZ"]
[SourceTitle "playchess.com"]
[Source "ChessBase"]
[SourceQuality "1"]
[TimeControl "5400+30"]

1. d4 {[%emt 0:00:00]} Nf6 {[%emt 0:00:00]} 2. c4 {[%emt 0:00:00]} g6 {[%emt 0:00:00]} 3. Nf3 {[%emt 0:00:00]} Bg7 {[%emt 0:00:00]} 4. g3 {[%emt 0:01:16]} b6 {[%emt 0:00:11]} 5. Bg2 {[%emt 0:00:08]} Bb7 {[%emt 0:00:03]} 6. O-O {[%emt 0:00:07]} O-O {[%emt 0:00:10]} 7. Nc3 {[%emt 0:01:08]} Ne4 {[%emt 0:00:12]} 8. Nxe4 Bxe4 {[%emt 0:00:05]} 9. b3 {[%emt 0:08:29]} c5 {[%emt 0:00:43]} 10. Bb2 {[%emt 0:00:35]} Nc6 {[%emt 0:00:22]} 11. e3 {[%emt 0:02:02]} d5 {[%emt 0:00:51]} 12. Qe2 {[%emt 0:11:15]} dxc4 13. Qxc4 {[%emt 0:00:58]} cxd4 {[%emt 0:12:32]} 14. Bxd4 {[%emt 0:10:26]} Nxd4 {[%emt 0:03:05]} 15. Nxd4 {[%emt 0:01:04]} Rc8 {[%emt 0:02:35]} 16. Qe2 {[%emt 0:02:52]} Bxd4 {[%emt 0:01:56]} 17. exd4 {[%emt 0:16:49]} Bxg2 {[%emt 0:00:20]} 18. Kxg2 {[%emt 0:00:05]} Qd5+ {[%emt 0:01:30]} 19. Kg1 {[%emt 0:02:22]} Rc7 {[%emt 0:00:46]} 20. Rac1 {[%emt 0:01:00]} Rfc8 {[%emt 0:00:10]} 21. Rxc7 {[%emt 0:07:36]} Rxc7 {[%emt 0:00:19]} 22. Rd1 {[%emt 0:01:13]} e6 {[%emt 0:02:48]} 23. Qe5 {[%emt 0:04:29]} Qxe5 {[%emt 0:00:23]} 24. dxe5 {[%emt 0:00:05]} Rc2 {[%emt 0:00:18]} 25. a4 {[%emt 0:01:42]} Rc3 {[%emt 0:00:59]} 26. Rd7 {[%emt 0:08:03]} a5 {[%emt 0:02:29]} 27. b4 {[%emt 0:02:48]} axb4 {[%emt 0:00:10]} 28. Rd6 {[%emt 0:00:08]} b5 {[%emt 0:01:25]} 29. axb5 {[%emt 0:08:12]} b3 {[%emt 0:00:11]} 0-1